Normal view
MARC view
- Coulton G.G
Entry Personal Name
001 - CONTROL NUMBER
- control field: 108895
003 - CONTROL NUMBER IDENTIFIER
- control field: NUST
005 - DATE AND TIME OF LATEST TRANSACTION
- control field: 20230210125704.0
008 - FIXED-LENGTH DATA ELEMENTS
- fixed length control field: 230210|| aca||aabn | a|a d
040 ## - CATALOGING SOURCE
- Original cataloging agency: NUST
- Transcribing agency: NUST
100 ## - HEADING--PERSONAL NAME
- Personal name: Coulton G.G
670 ## - SOURCE DATA FOUND
- Source citation: Work cat.: (NUST)187014: Coulton G.G, Medieval Panorama /, 1945
